| 000 | 00409pab a2200145 454500 | ||
|---|---|---|---|
| 008 | 180718b2005 xxu||||| |||| 00| 0 eng d | ||
| 100 | _aStokes, Doug | ||
| 245 | _aThe heart of empire? Theorising US empire in an era of transnational capitalism | ||
| 260 | _c2005 | ||
| 300 | _ap.217-36. | ||
| 650 | _aCapitalism - United States | ||
| 650 | _aCapitalism | ||
| 773 | _aThird World Quarterly | ||
| 909 | _a65293 | ||
| 999 |
_c65293 _d65293 |
||